000 00989nam a2200301 4500
003 OSt
005 20260530113917.0
008 260508b1968 enk |||| |||| 00| 0 eng d
020 _a0099066106
040 _aICI
_bspa
_cICI
041 _aeng
050 _aPR6005
_bL36 1968
100 _aClarke, Arthur C.
_eautor
_934199
245 _a2001 :
_bspace odyssey /
_cArthur C. Clarke
264 _aLondon :
_bHutchinson,
_c1968
300 _a256 páginas
336 _2rdacontent
_atexto
337 _2rdamedia
_asin medio
338 _2rdacarrier
_avolumen
500 _aNovela de ciencia ficción basada en el guion cinematográfico desarrollado con Stanley Kubrick
650 0 _aCiencia ficción inglesa
_934200
650 0 _aViajes espaciales
_vNovela
_934201
650 0 _aInteligencia artificial
_vNovela
_934202
650 0 _aVida extraterrestre
_vNovela
_934203
650 0 _aNovelas inglesas
_ySiglo XX.
_934204
700 _aKubrick, Stanley,
_eautor
_934205
942 _2lcc
_n1
_cBK
999 _c12321
_d12321